| 000 | 01027nam a2200289 a 4500 | ||
|---|---|---|---|
| 001 | 000044681 | ||
| 003 | DO-SdBNP | ||
| 005 | 20230123112718.0 | ||
| 007 | ta | ||
| 008 | 110412s2012 dr fr 000 0 spa d | ||
| 020 | _a9789945883206 | ||
| 040 |
_aDO-SdBNP _bspa _cBNPHU |
||
| 082 | 4 |
_222 _aC969r |
|
| 111 | 2 |
_aCumbre judicial Iberoamericana _n(XIV _d2008: _cBrasilia-Brasil) _955871 |
|
| 245 | 1 | 0 | _a"Reglas de Brasilia sobre acceso a la justicia de las personas en condición de vulnerabilidad". |
| 250 | _a2da. reimpresión | ||
| 260 |
_aSanto Domingo : _bPoder Judicial, _c2012. |
||
| 300 |
_a34 p. ; _c22 cm. |
||
| 590 | _aInventariado 2023 / MF | ||
| 650 | 4 |
_910342 _aDerechos Civiles _zBrasilia - Brasil |
|
| 650 | 4 |
_934958 _aDiscriminación _xLegislación _zBrasilia - Brasil |
|
| 710 | 2 |
_aPoder Judicial (República Dominicana) _976405 |
|
| 710 | 2 |
_aOficina Técnica de Cooperación _983046 |
|
| 711 | 2 |
_aXIV Cumbre judicial Iberoamericana _cBrasilia-Brasil _d2008 _983045 |
|
| 910 | _aMFeliz | ||
| 942 |
_2ddc _cLF2 |
||
| 999 |
_c44170 _d44170 |
||